UM Logo

Basic computer concepts/ (Record no. 3480)

MARC details
000 -LEADER
fixed length control field 00641nam a22002177a 4500
003 - CONTROL NUMBER IDENTIFIER
control field OSt
005 - DATE AND TIME OF LATEST TRANSACTION
control field 20160716160038.0
008 - FIXED-LENGTH DATA ELEMENTS--GENERAL INFORMATION
fixed length control field 160716b xxu||||| |||| 00| 0 eng d
020 ## - INTERNATIONAL STANDARD BOOK NUMBER
International Standard Book Number 978-981-4272-56-8
040 ## - CATALOGING SOURCE
Transcribing agency LIC
082 ## - DEWEY DECIMAL CLASSIFICATION NUMBER
Edition number 2009
Classification number DC 004
Item number W46
100 ## - MAIN ENTRY--PERSONAL NAME
9 (RLIN) 11612
Personal name Wells, Dolores J.
245 ## - TITLE STATEMENT
Title Basic computer concepts/
Statement of responsibility, etc. Dolores J. Wells
250 ## - EDITION STATEMENT
Edition statement Philippine Edition
260 ## - PUBLICATION, DISTRIBUTION, ETC. (IMPRINT)
Place of publication, distribution, etc. Australia:
Name of publisher, distributor, etc. Cengage Learning Asia Pte Ltd,
Date of publication, distribution, etc. c2009.
300 ## - PHYSICAL DESCRIPTION
Extent vii, 471 pages :
Other physical details illustrations;
Dimensions 25 cm.
500 ## - GENERAL NOTE
General note Includes glossary and index.
650 #0 - SUBJECT ADDED ENTRY--TOPICAL TERM
9 (RLIN) 11615
Topical term or geographic name as entry element Computers
650 #0 - SUBJECT ADDED ENTRY--TOPICAL TERM
9 (RLIN) 11616
Topical term or geographic name as entry element Computer literacy
942 ## - ADDED ENTRY ELEMENTS (KOHA)
Source of classification or shelving scheme Dewey Decimal Classification
Koha item type Circulation
Holdings
Withdrawn status Lost status Source of classification or shelving scheme Damaged status Not for loan Collection code Home library Current library Date acquired Total Checkouts Full call number Barcode Date last seen Date last checked out Price effective from Koha item type
    Dewey Decimal Classification     Circulation UM Digos College - LIC UM Digos College - LIC 07/16/2016 2 DC 004 W46 2009 23994 05/15/2025 02/05/2018 07/16/2016 Circulation